Statistiken für 15 Gesündestes Gemüse

Klicken Sie hier um das Quiz zu spielen!

Allgemein

  • Dieses Quiz wurde 428 mal gespielt
    (427 seit der letzten Aktualisierung)
  • Das Durchschnittsergebnis liegt bei 6 aus 15

Antwortstatistiken

RankGemüse% Korrekt
7Tomate
89%
13Möhre
81%
12Paprika
64%
3Brokkoli
60%
5Kohl
60%
10Blumenkohl
55%
2Spinat
44%
15Lauch
40%
8Rosenkohl
34%
11Sellerie
33%
1Grünkohl
25%
6Spargel
23%
9Süßkartoffel
7%
4Rüben
2%
14Kohlblatt
1%

Verteilung der Resultate

Perzentil nach korrekt beantworteten Fragen

Anzahl Personen mit jedem Resultat

Ihre Resultats-Entwicklung

Sie haben dieses Quiz seit der letzten Aktualisierung nicht gespielt